Wordt geladen...

Another American century: the United States and the world after 2000

Bibliografische gegevens
Hoofdauteur: Guyatt, Nicholas
Formaat: Printed Book
Gepubliceerd in: London, Zed books 2000
Onderwerpen:
LEADER 004430000a22001330004500
082 |a 327 P0 
100 |a Guyatt, Nicholas  |f Author 
245 |a Another American century: the United States and the world after 2000 
260 |a London, Zed books 
260 |c 2000 
650 |a United States 
942 |c BK 
999 |c 140835  |d 140831 
952 |0 0  |1 0  |4 0  |6 327_000000000000000_P0  |7 0  |9 139618  |a SIRP  |b SIRP  |d 2017-10-05  |l 0  |o 327 P0  |p SIRP04643  |r 2017-10-05  |w 2017-10-05  |y BK